| 000 | 00524nmm a2200169Ia 4500 | ||
|---|---|---|---|
| 008 | 251105s9999||||xx |||||||||||||||||und|| | ||
| 020 | _a8497424050 | ||
| 041 | _aspa | ||
| 100 | _aDíez del Corral Lozano, Juan | ||
| 245 | 0 | _aManual de crítica de la arquitectura | |
| 264 |
_a[Madrid, España] : _bBiblioteca Nueva, _c2005 |
||
| 300 | _a224 páginas | ||
| 490 | _aMetrópoli: Espacios de la arquitectura | ||
| 650 | _aArchitecture & Sculpture | ||
| 856 | _uhttps://public.digitaliapublishing.com/a/5205 | ||
| 942 | _cCF | ||
| 999 |
_c74174 _d74174 |
||